| 000 | 01696cam a22003854a 4500 | ||
|---|---|---|---|
| 001 | 14219990 | ||
| 003 | EG-ScBUE | ||
| 005 | 20220316135152.0 | ||
| 008 | 060105s2007 wau f 000 p eng d | ||
| 020 | _a1556592418 | ||
| 020 | _a9781556592416 | ||
| 035 | _a(OCoLC)ocm62878661 | ||
| 040 |
_aDLC _beng _erda _cDLC _dBAKER _dBTCTA _dC#P _dYDXCP _dIXA _dCOO _dPUL _dDLC _dEG-ScBUE |
||
| 041 | 1 |
_aeng _aara _hara |
|
| 082 | 0 | 4 |
_a892.716 _222 _bDAR |
| 100 | 1 |
_aDarwīsh, Maḥmūd, _eauthor. _924136 |
|
| 245 | 1 | 4 |
_aThe butterfly's burden : _bpoems / _cby Mahmoud Darwish ; translated from the Arabic by Fady Joudah. |
| 264 | 1 |
_aWashington : _bCopper Canyon Press, _c2007. |
|
| 300 |
_axvii, 327 pages ; _c23 cm |
||
| 336 |
_2rdacontent _atext _btxt |
||
| 337 |
_2rdamedia _aunmediated _bn |
||
| 338 |
_2rdacarrier _avolume _bnc |
||
| 505 | 0 | _aThe stranger's Bed, 1998 -- A state of Siege, 2002 -- Don't Apologize for What You've Done, 2003. | |
| 546 | _aPoems in Arabic with English translations. | ||
| 650 | 7 |
_aArabic poetry _y20th century _xHistory and criticism. _2BUEsh |
|
| 651 | _2BUEsh | ||
| 653 |
_cMay2011 _bARALIT |
||
| 655 |
_vReading book _934232 |
||
| 700 | 1 |
_aJoudah, Fady, _d1971- _etranslator. _924137 |
|
| 856 | 4 | 1 |
_3Table of contents only _uhttp://www.loc.gov/catdir/toc/ecip066/2006000464.html |
| 856 | 4 | 2 |
_3Contributor biographical information _uhttp://www.loc.gov/catdir/enhancements/fy1005/2006000464-b.html |
| 856 | 4 | 2 |
_3Publisher description _uhttp://www.loc.gov/catdir/enhancements/fy1005/2006000464-d.html |
| 942 |
_2ddc _cBB |
||
| 999 |
_c15401 _d15401 |
||